Tilastot visalle Maailman rikkaimmat ihmiset

Klikkaa tästä pelataksesi tätä visaa!

Yleistilastot

  • Tätä visaa on pelattu 13 kertaa
  • Keskiarvotulos 4 / 15

Vastaustilastot

Varallisuus% Oikein
118,4 mrd. $Bill Gates
91%
181,4 mrd. $Jeff Bezos
64%
104,5 mrd. $Elon Musk
64%
99,1 mrd. $Mark Zuckerberg
45%
85,9 mrd. $Warren Buffett
36%
76,7 mrd. $Larry Page
18%
140,5 mrd. $Bernard Arnault
9%
75,2 mrd. $Larry Ellison
9%
74,6 mrd. $Amancio Ortega
9%
74,5 mrd. $Sergey Brin
9%
72,8 mrd. $Francoise Bettencourt Meyers
9%
72,3 mrd. $Mukesh Ambani
9%
71,8 mrd. $Steve Ballmer
9%
69,8 mrd. $Alice Walton
9%
69,6 mrd. $Jim Walton
9%

Tulosjakauma

Persentiili vastausten määrän mukaan

Jokaisen tuloksen saaneiden osuus

Tuloshistoriasi

Et ole pelannut tätä visaa